Vista normal
Vista MARC
Entrada Materia (corporativa)
Número de registros utilizados en: 3
001 - CONTROL NUMBER
- control field: 121694
003 - CONTROL NUMBER IDENTIFIER
- control field: Co-BoUCM
005 - DATE AND TIME OF LATEST TRANSACTION
- control field: 20211020092925.0
008 - FIXED-LENGTH DATA ELEMENTS
- fixed length control field: 211020|| aca||aabn | a|a d
040 ## - CATALOGING SOURCE
- Original cataloging agency: Co-BoUCM
- Transcribing agency: Co-BoUCM
110 ## - HEADING--CORPORATE NAME
- Corporate name or jurisdiction name as entry element: Consejo Empresarial Colombiano para el Desarrollo Sostenible. CECODES
670 ## - SOURCE DATA FOUND
- Source citation: Work cat.: (Co-BoUCM)27498: Consejo Empresarial Colombiano para el Desarrollo Sostenible. CECODES, Cambiando el rumbo Colombia 1997, 1997